<?xml version="1.0" encoding="UTF-8"?>
<record
    xmlns:xsi="http://www.w3.org/2001/XMLSchema-instance"
    xsi:schemaLocation="http://www.loc.gov/MARC21/slim http://www.loc.gov/standards/marcxml/schema/MARC21slim.xsd"
    xmlns="http://www.loc.gov/MARC21/slim">

  <leader>01082nabaa22002177a 4500</leader>
  <datafield tag="999" ind1=" " ind2=" ">
    <subfield code="c">6278</subfield>
    <subfield code="d">6278</subfield>
  </datafield>
  <controlfield tag="003">OSt</controlfield>
  <controlfield tag="005">20260128223949.0</controlfield>
  <controlfield tag="008">190701b        xxu||||| |||| 00| 0 spa d</controlfield>
  <datafield tag="040" ind1=" " ind2=" ">
    <subfield code="c">PJ</subfield>
  </datafield>
  <datafield tag="100" ind1=" " ind2=" ">
    <subfield code="9">5281</subfield>
    <subfield code="a">Silva Tamayo, Gustavo E.</subfield>
  </datafield>
  <datafield tag="245" ind1="1" ind2="0">
    <subfield code="a">Un acierto no innovativo de la Ley Bases :</subfield>
    <subfield code="b">el agotamiento de la v&#xED;a administrativa /</subfield>
    <subfield code="c">Gustavo E. Silva Tamayo. </subfield>
  </datafield>
  <datafield tag="300" ind1=" " ind2=" ">
    <subfield code="a">p. 36-43</subfield>
  </datafield>
  <datafield tag="500" ind1=" " ind2=" ">
    <subfield code="a">Cita: TR LALEY AR/DOC/3279/2024 </subfield>
  </datafield>
  <datafield tag="505" ind1=" " ind2=" ">
    <subfield code="a">Sumario: I. Introducci&#xF3;n.&#x2014; II. Fundamentos.&#x2014; III. Breve referencia al derecho comparado.&#x2014; IV. La regulaci&#xF3;n en la LNPA.&#x2014; V. Cr&#xED;ticas a la figura del agotamiento de la v&#xED;a administrativa.&#x2014; VI. Nuestra opini&#xF3;n.&#x2014; VII. Conclusiones. </subfield>
  </datafield>
  <datafield tag="505" ind1=" " ind2=" ">
    <subfield code="t">&#xBF;Te interesa el texto completo? Comunicate al correo: koha@justierradelfuego.gov.ar</subfield>
  </datafield>
  <datafield tag="650" ind1=" " ind2="0">
    <subfield code="9">211</subfield>
    <subfield code="a">DERECHO ADMINISTRATIVO</subfield>
  </datafield>
  <datafield tag="650" ind1=" " ind2="0">
    <subfield code="9">1135</subfield>
    <subfield code="a">PROCEDIMIENTO ADMINISTRATIVO</subfield>
  </datafield>
  <datafield tag="650" ind1=" " ind2="0">
    <subfield code="9">178</subfield>
    <subfield code="a">DERECHO CONSTITUCIONAL</subfield>
  </datafield>
  <datafield tag="773" ind1="0" ind2=" ">
    <subfield code="0">2842</subfield>
    <subfield code="9">3251</subfield>
    <subfield code="d">Buenos Aires : AbeledoPerrot, 2012-</subfield>
    <subfield code="o">DA121</subfield>
    <subfield code="t">Derecho administrativo. N&#xBA; 157 enero/febrero 2025</subfield>
    <subfield code="z">18510590</subfield>
  </datafield>
  <datafield tag="942" ind1=" " ind2=" ">
    <subfield code="2">udc</subfield>
    <subfield code="c">ANA</subfield>
  </datafield>
</record>
